000
00405 a2200193 4500
260
_a
Paris
100
_a
CLEMENT,Jean-Michel.
260
_b
Librairie Larousse.
245
_a
Larousse agricole.
300
_a
1207p.
650
_a
DICTIONNAIRE
650
_a
AGRICULTURE
260
_c
1981
130
_l
Fr.
690
_a
AGRICULTURE.
020
_a
2-03-514301-2
999
_c
24437
_d
24437